| 000 | 01505nam0a22003131 4500 | ||
|---|---|---|---|
| 001 | rc\3589529 | ||
| 005 | 20250610044827.0 | ||
| 035 | _a(NLR Aleph) 007701596 | ||
| 090 |
_a6752458 _c6752458 |
||
| 100 | _a20130115d1973 |||y0rusy50 ca | ||
| 101 | 0 | _arus | |
| 102 | _aRU | ||
| 105 | _aa z ||||| | ||
| 200 | 1 |
_aШтамповка взрывом _eОбзор _fСССР. М-во машиностроения для легкой и пищевой пром-сти и бытовых приборов. Центр. науч.-исслед. ин-т информации и техн.-экон. исследований (ЦНИИТЭИлегпищемаш) |
|
| 210 |
_aМосква _cБ. и. _d1973 |
||
| 215 |
_a107 с. _cил. _d22 |
||
| 225 | 1 | _aТехнология машиностроения | |
| 300 | _aПеред загл. авт.: канд. техн. наук А.С. Попов, канд. техн. наук И.Г. Ковалев | ||
| 300 | _aНа обл. авт. не указаны | ||
| 320 | _aБиблиогр.: с. 99-105 | ||
| 333 | _aДля служебного пользования. Экз. № 000009 | ||
| 700 | 1 |
_aПопов _bА. С. _cканд. техн. наук, металлообработка _gАлексей Степанович _9226268 _3RU\NLR\AUTH\770226324 |
|
| 701 | 1 |
_aКовалев _bИ.Г. _gИван Григорьевич |
|
| 801 | 0 |
_aRU _bNLR _gpsbo |
|
| 801 | 1 |
_aRU _bELAR _2rusmarc |
|
| 852 |
_aNLR _j73-50к/5713 |
||
| 942 | _cBOOK | ||
| 980 | _aNB | ||